01399nab a22002057a 4500999001500000003000400015005001700019008004100036040000700077100002900084245012100113300001300234500003800247505066400285505007200949650002801021650002301049773010801072942001301180 c6258d6258OSt20260128020853.0190514b xxu||||| |||| 00| 0 spa d cPJ 96968aFreije, Joaquín 10aUna necesaria revisión del control judicial de las internaciones por motivos de salud mental /cJoaquín Freije.  ap. 87-97 aCita: TR LALEY AR/DOC/2507/2025.  aSumario: I. Introducción.— II. Marco de protección de derechos humanos durante la internación.— III. La situación de riesgo cierto e inminente como presupuesto limitativo de la internación involuntaria.— IV. El uso de internaciones para casos diferentes al riesgo cierto e inminente.— V. Un problema específico: la falta de control de los supuestos legales de la internación.— VI. El control de la internación en el modelo procesal tradicional.— VII. Una propuesta de revisión a partir del debido proceso.— VIII. Construcción del rol de la defensa técnica de internaciones por salud mental.— IX. Consideraciones finales.  tSi te interesa el texto, comunicate a koha@justierradelfuego.gov.ar 09967aDERECHO DE FAMILIA 091272aSALUD MENTAL0 0284493222dBuenos Aires : AbeledoPerrot, 1989-tDerecho de familia. N° 122 - Noviembre 2025z18511201 2udccANA